000
00277nam a2200097Ia 4500
005
20251222114344.0
008
251222s1900||||xx |||||||||||||| ||spa||
082
_a
DVD0126/B12
245
0
_a
Concerto per un amico: Claudio Chieffo:Concierto para un amigo: Claudio Chieffo
942
_c
DVD
999
_c
968
_d
968